书目信息 |
| 题名: |
高分子化学实验教程
|
|
| 作者: | 靳艳巧 , 温娜 , 谢琼琳 编著 | |
| 分册: | ||
| 出版信息: | 北京 化学工业出版社 2024.07 |
|
| 页数: | 130页 | |
| 开本: | 26cm | |
| 丛书名: | ||
| 单 册: | ||
| 中图分类: | O63-33 | |
| 科图分类: | ||
| 主题词: | 高分子化学--gao fen zi hua xue--化学实验--教材 | |
| 电子资源: | ||
| ISBN: | 978-7-122-44561-2 | |
| 000 | 01247nam0 2200277 450 | |
| 001 | 90914 | |
| 005 | 20250816135518.74 | |
| 010 | @a978-7-122-44561-2@dCNY49.00 | |
| 100 | @a20240729d2024 em y0chiy50 ea | |
| 101 | 0 | @achi |
| 102 | @aCN@b110000 | |
| 105 | @aak a 000yy | |
| 106 | @ar | |
| 200 | 1 | @a高分子化学实验教程@Agao fen zi hua xue shi yan jiao cheng@d= Experiments of polymer chemistry@f靳艳巧, 温娜, 谢琼琳编著@zeng |
| 210 | @a北京@c化学工业出版社@d2024.07 | |
| 215 | @a130页@c图@d26cm | |
| 320 | @a有书目 (第124页) | |
| 330 | @a本书分为高分子化学实验基础、高分子合成化学实验、高分子化学反应实验和综合性高分子化学实验四个部分, 力求内容精选、简明适用, 包括常用的高分子合成和反应实验项目, 以及创新性的综合性实验项目, 共36个实验项目。主要内容涉及链式聚合、逐步聚合、开环聚合、高分子化学反应等专业理论知识, 以及高分子化学实验室基本常识、基本操作、安全与防护等, 附录中还列出了部分测试仪器的使用方法。 | |
| 510 | 1 | @aExperiments of polymer chemistry@zeng |
| 606 | 0 | @a高分子化学@Agao fen zi hua xue@x化学实验@j教材 |
| 690 | @aO63-33@v5 | |
| 701 | 0 | @a靳艳巧@Ajin yan qiao@4编著 |
| 701 | 0 | @a温娜@Awen na@4编著 |
| 701 | 0 | @a谢琼琳@Axie qiong lin@4编著 |
| 801 | 0 | @aCN@c20250909 |
| 905 | @a河南城建学院图书馆@dO63-33@eJ859@f1 | |
| 高分子化学实验教程= Experiments of polymer chemistry/靳艳巧, 温娜, 谢琼琳编著.-北京:化学工业出版社,2024.07 |
| 130页:图;26cm |
| ISBN 978-7-122-44561-2:CNY49.00 |
| 本书分为高分子化学实验基础、高分子合成化学实验、高分子化学反应实验和综合性高分子化学实验四个部分, 力求内容精选、简明适用, 包括常用的高分子合成和反应实验项目, 以及创新性的综合性实验项目, 共36个实验项目。主要内容涉及链式聚合、逐步聚合、开环聚合、高分子化学反应等专业理论知识, 以及高分子化学实验室基本常识、基本操作、安全与防护等, 附录中还列出了部分测试仪器的使用方法。 |
| ● |
| 相关链接 |
|
|
|
正题名:高分子化学实验教程
索取号:O63-33/J859
 
预约/预借
| 序号 | 登录号 | 条形码 | 馆藏地/架位号 | 状态 | 备注 |
| 1 | 1624876 | 216248763 | 自科库401/ [索取号:O63-33/J859] | 在馆 |